<?xml version="1.0" encoding="UTF-8"?>
<record
    xmlns:xsi="http://www.w3.org/2001/XMLSchema-instance"
    xsi:schemaLocation="http://www.loc.gov/MARC21/slim http://www.loc.gov/standards/marcxml/schema/MARC21slim.xsd"
    xmlns="http://www.loc.gov/MARC21/slim">

  <leader>03265nam a22003137a 4500</leader>
  <controlfield tag="003">NALT</controlfield>
  <controlfield tag="005">20231023160129.0</controlfield>
  <controlfield tag="008">230914b        th ||||| |||| 00| 0 tha d</controlfield>
  <datafield tag="020" ind1=" " ind2=" ">
    <subfield code="a">9786163874825</subfield>
  </datafield>
  <datafield tag="040" ind1=" " ind2=" ">
    <subfield code="a">NALT</subfield>
  </datafield>
  <datafield tag="041" ind1=" " ind2=" ">
    <subfield code="a">tha</subfield>
  </datafield>
  <datafield tag="050" ind1=" " ind2=" ">
    <subfield code="a">SB 320.9</subfield>
    <subfield code="b">&#xE28;448&#xE1B; 2557</subfield>
  </datafield>
  <datafield tag="100" ind1="0" ind2=" ">
    <subfield code="a">&#xE28;&#xE34;&#xE23;&#xE34;&#xE01;&#xE38;&#xE25; &#xE0B;&#xE37;&#xE48;&#xE2D;&#xE15;&#xE48;&#xE2D;&#xE0A;&#xE32;&#xE15;&#xE34;</subfield>
    <subfield code="9">24994</subfield>
  </datafield>
  <datafield tag="245" ind1="1" ind2="0">
    <subfield code="a">&#xE1B;&#xE25;&#xE39;&#xE01;&#xE1C;&#xE31;&#xE01;&#xE01;&#xE31;&#xE19;&#xE40;&#xE16;&#xE2D;&#xE30; =</subfield>
    <subfield code="b">Let's do some gardening /</subfield>
    <subfield code="c">&#xE28;&#xE34;&#xE23;&#xE34;&#xE01;&#xE38;&#xE25; &#xE0B;&#xE37;&#xE48;&#xE2D;&#xE15;&#xE48;&#xE2D;&#xE0A;&#xE32;&#xE15;&#xE34; (&#xE1B;&#xE49;&#xE2D;&#xE21;), &#xE40;&#xE02;&#xE35;&#xE22;&#xE19; ; &#xE07;&#xE32;&#xE21;&#xE1E;&#xE23;&#xE23;&#xE13; &#xE40;&#xE27;&#xE0A;&#xE0A;&#xE32;&#xE0A;&#xE35;&#xE27;&#xE30;, &#xE1A;&#xE23;&#xE23;&#xE13;&#xE32;&#xE18;&#xE34;&#xE01;&#xE32;&#xE23; ; &#xE1A;&#xE38;&#xE0D;&#xE0A;&#xE31;&#xE22; &#xE42;&#xE15;&#xE18;&#xE19;&#xE32;&#xE22;&#xE32;&#xE19;&#xE19;&#xE17;&#xE4C;, &#xE16;&#xE48;&#xE32;&#xE22;&#xE20;&#xE32;&#xE1E; ; &#xE19;&#xE38;&#xE0A;&#xE23;&#xE35; &#xE23;&#xE31;&#xE15;&#xE19;&#xE2D;&#xE31;&#xE01;&#xE29;&#xE23;&#xE28;&#xE34;&#xE25;&#xE1B;&#xE4C; , &#xE27;&#xE32;&#xE14;&#xE20;&#xE32;&#xE1E;&#xE1B;&#xE23;&#xE30;&#xE01;&#xE2D;&#xE1A;.</subfield>
  </datafield>
  <datafield tag="250" ind1=" " ind2=" ">
    <subfield code="a">&#xE1E;&#xE34;&#xE21;&#xE1E;&#xE4C;&#xE04;&#xE23;&#xE31;&#xE49;&#xE07;&#xE17;&#xE35;&#xE48; 4.</subfield>
  </datafield>
  <datafield tag="260" ind1=" " ind2=" ">
    <subfield code="a">&#xE01;&#xE23;&#xE38;&#xE07;&#xE40;&#xE17;&#xE1E;&#xE2F; :</subfield>
    <subfield code="b">&#xE2D;&#xE21;&#xE23;&#xE34;&#xE19;&#xE17;&#xE23;&#xE4C; HOW-TO,</subfield>
    <subfield code="c">2557.</subfield>
  </datafield>
  <datafield tag="300" ind1=" " ind2=" ">
    <subfield code="a">187 &#xE2B;&#xE19;&#xE49;&#xE32; :</subfield>
    <subfield code="b">&#xE20;&#xE32;&#xE1E;&#xE1B;&#xE23;&#xE30;&#xE01;&#xE2D;&#xE1A; ;</subfield>
    <subfield code="c">19 &#xE0B;&#xE21;.</subfield>
  </datafield>
  <datafield tag="490" ind1=" " ind2="0">
    <subfield code="a">&#xE0A;&#xE38;&#xE14; Life + Style ;</subfield>
    <subfield code="v">&#xE25;&#xE33;&#xE14;&#xE31;&#xE1A;&#xE17;&#xE35;&#xE48; 11 </subfield>
  </datafield>
  <datafield tag="505" ind1="0" ind2=" ">
    <subfield code="a">Part 1 &#xE1B;&#xE25;&#xE39;&#xE01;&#xE1C;&#xE31;&#xE01;&#xE01;&#xE31;&#xE19;&#xE40;&#xE16;&#xE2D;&#xE30; -- &#xE1C;&#xE31;&#xE01;&#xE2D;&#xE34;&#xE19;&#xE17;&#xE23;&#xE35;&#xE22;&#xE4C; -- &#xE1B;&#xE25;&#xE39;&#xE01;&#xE1C;&#xE31;&#xE01;&#xE43;&#xE2B;&#xE49;&#xE15;&#xE23;&#xE07;&#xE24;&#xE14;&#xE39;&#xE01;&#xE32;&#xE25; -- &#xE1A;&#xE49;&#xE32;&#xE19;&#xE04;&#xE19;&#xE40;&#xE21;&#xE37;&#xE2D;&#xE07; &#xE1B;&#xE25;&#xE39;&#xE01;&#xE15;&#xE23;&#xE07;&#xE44;&#xE2B;&#xE19;&#xE14;&#xE35; -- Part 2 &#xE40;&#xE15;&#xE23;&#xE35;&#xE22;&#xE21;&#xE15;&#xE31;&#xE27;&#xE1B;&#xE25;&#xE39;&#xE01;&#xE1C;&#xE31;&#xE01; -- &#xE01;&#xE32;&#xE23;&#xE17;&#xE33;&#xE41;&#xE1B;&#xE25;&#xE07;&#xE1B;&#xE25;&#xE39;&#xE01;&#xE1C;&#xE31;&#xE01;&#xE41;&#xE25;&#xE30;&#xE20;&#xE32;&#xE0A;&#xE19;&#xE30;&#xE15;&#xE48;&#xE32;&#xE07; &#xE46; -- &#xE01;&#xE32;&#xE23;&#xE40;&#xE15;&#xE23;&#xE35;&#xE22;&#xE21;&#xE2D;&#xE38;&#xE1B;&#xE01;&#xE23;&#xE13;&#xE4C; -- &#xE01;&#xE32;&#xE23;&#xE40;&#xE15;&#xE23;&#xE35;&#xE22;&#xE21;&#xE14;&#xE34;&#xE19; &#xE1B;&#xE23;&#xE38;&#xE07;&#xE14;&#xE34;&#xE19; -- Part 3 &#xE25;&#xE07;&#xE21;&#xE37;&#xE2D;&#xE1B;&#xE25;&#xE39;&#xE01;&#xE1C;&#xE31;&#xE01; -- &#xE01;&#xE32;&#xE23;&#xE1B;&#xE25;&#xE39;&#xE01;&#xE1E;&#xE37;&#xE0A;&#xE1C;&#xE31;&#xE01;&#xE0A;&#xE19;&#xE34;&#xE14;&#xE15;&#xE48;&#xE32;&#xE07; &#xE46; -- &#xE1C;&#xE31;&#xE01;&#xE40;&#xE1B;&#xE47;&#xE14;&#xE19;&#xE49;&#xE33; -- &#xE16;&#xE31;&#xE48;&#xE27;&#xE07;&#xE2D;&#xE01; -- &#xE15;&#xE49;&#xE19;&#xE2D;&#xE48;&#xE2D;&#xE19;&#xE17;&#xE32;&#xE19;&#xE15;&#xE30;&#xE27;&#xE31;&#xE19; -- &#xE14;&#xE15;&#xE49;&#xE27;&#xE40;&#xE2B;&#xE21;&#xE35;&#xE48;&#xE22;&#xE27; &#xE44;&#xE04;&#xE27;&#xE32;&#xE40;&#xE23;&#xE30; -- &#xE1C;&#xE31;&#xE01;&#xE1A;&#xE38;&#xE49;&#xE07; -- &#xE1C;&#xE31;&#xE01;&#xE2A;&#xE25;&#xE31;&#xE14; -- &#xE40;&#xE2B;&#xE47;&#xE14; -- &#xE1C;&#xE31;&#xE01;&#xE2A;&#xE32;&#xE21;&#xE31;&#xE0D;&#xE1B;&#xE23;&#xE30;&#xE08;&#xE33;&#xE1A;&#xE49;&#xE32;&#xE19; -- &#xE1C;&#xE31;&#xE01;&#xE40;&#xE04;&#xE23;&#xE37;&#xE48;&#xE2D;&#xE07;&#xE41;&#xE01;&#xE07;&#xE08;&#xE37;&#xE14; -- &#xE1C;&#xE31;&#xE01;&#xE40;&#xE04;&#xE23;&#xE37;&#xE48;&#xE2D;&#xE07;&#xE15;&#xE49;&#xE21;&#xE22;&#xE33; -- &#xE1C;&#xE31;&#xE01;&#xE40;&#xE04;&#xE23;&#xE37;&#xE48;&#xE2D;&#xE07;&#xE25;&#xE32;&#xE1A; -- &#xE1E;&#xE37;&#xE0A;&#xE2A;&#xE21;&#xE38;&#xE19;&#xE44;&#xE1E;&#xE23;&#xE17;&#xE35;&#xE48;&#xE04;&#xE27;&#xE23;&#xE21;&#xE35;&#xE1B;&#xE25;&#xE39;&#xE01;&#xE15;&#xE34;&#xE14;&#xE1A;&#xE49;&#xE32;&#xE19; -- Part 4 &#xE17;&#xE30;&#xE19;&#xE38;&#xE16;&#xE19;&#xE2D;&#xE21;&#xE1C;&#xE31;&#xE01; -- &#xE2A;&#xE39;&#xE15;&#xE23;&#xE2E;&#xE2D;&#xE23;&#xE4C;&#xE42;&#xE21;&#xE19;&#xE16;&#xE31;&#xE48;&#xE27;&#xE40;&#xE2B;&#xE25;&#xE37;&#xE2D;&#xE07;&#xE41;&#xE25;&#xE30;&#xE2E;&#xE2D;&#xE23;&#xE4C;&#xE42;&#xE21;&#xE19;&#xE44;&#xE02;&#xE48; -- &#xE1E;&#xE37;&#xE0A; - &#xE2A;&#xE21;&#xE38;&#xE19;&#xE44;&#xE1E;&#xE23;&#xE44;&#xE25;&#xE48;&#xE41;&#xE21;&#xE25;&#xE07; -- Part 5 &#xE2D;&#xE34;&#xE48;&#xE21;&#xE40;&#xE2D;&#xE21;&#xE01;&#xE31;&#xE1A;&#xE1C;&#xE31;&#xE01; -- &#xE40;&#xE04;&#xE23;&#xE37;&#xE48;&#xE2D;&#xE07;&#xE14;&#xE37;&#xE48;&#xE21;&#xE2A;&#xE39;&#xE15;&#xE23;&#xE1C;&#xE31;&#xE01;&#xE1A;&#xE49;&#xE32;&#xE19;&#xE40;&#xE23;&#xE32; -- &#xE40;&#xE21;&#xE19;&#xE39;&#xE08;&#xE32;&#xE01;&#xE1C;&#xE31;&#xE01;&#xE1A;&#xE49;&#xE32;&#xE19;&#xE40;&#xE23;&#xE32; -- &#xE19;&#xE49;&#xE33;&#xE22;&#xE32;&#xE40;&#xE2D;&#xE19;&#xE01;&#xE1B;&#xE23;&#xE30;&#xE2A;&#xE07;&#xE04;&#xE4C; -- &#xE41;&#xE2B;&#xE25;&#xE48;&#xE07;&#xE0B;&#xE37;&#xE49;&#xE2D;&#xE27;&#xE31;&#xE2A;&#xE14;&#xE38; &#xE2D;&#xE38;&#xE1B;&#xE01;&#xE23;&#xE13;&#xE4C; -- &#xE1A;&#xE17;&#xE2A;&#xE48;&#xE07;&#xE17;&#xE49;&#xE32;&#xE22;.</subfield>
  </datafield>
  <datafield tag="650" ind1=" " ind2="4">
    <subfield code="9">24995</subfield>
    <subfield code="a">&#xE1C;&#xE31;&#xE01;</subfield>
    <subfield code="x">&#xE01;&#xE32;&#xE23;&#xE1B;&#xE25;&#xE39;&#xE01;</subfield>
  </datafield>
  <datafield tag="650" ind1=" " ind2="4">
    <subfield code="9">33450</subfield>
    <subfield code="a">&#xE2A;&#xE27;&#xE19;&#xE04;&#xE23;&#xE31;&#xE27;</subfield>
    <subfield code="x">&#xE01;&#xE32;&#xE23;&#xE1B;&#xE25;&#xE39;&#xE01;</subfield>
  </datafield>
  <datafield tag="700" ind1="0" ind2=" ">
    <subfield code="9">6150</subfield>
    <subfield code="a">&#xE07;&#xE32;&#xE21;&#xE1E;&#xE23;&#xE23;&#xE13; &#xE40;&#xE27;&#xE0A;&#xE0A;&#xE32;&#xE0A;&#xE35;&#xE27;&#xE30;</subfield>
  </datafield>
  <datafield tag="700" ind1="0" ind2=" ">
    <subfield code="9">61965</subfield>
    <subfield code="a">&#xE1A;&#xE38;&#xE0D;&#xE0A;&#xE31;&#xE22; &#xE42;&#xE15;&#xE18;&#xE19;&#xE32;&#xE22;&#xE32;&#xE19;&#xE19;&#xE17;&#xE4C;</subfield>
  </datafield>
  <datafield tag="700" ind1="0" ind2=" ">
    <subfield code="9">61966</subfield>
    <subfield code="a">&#xE19;&#xE38;&#xE0A;&#xE23;&#xE35; &#xE23;&#xE31;&#xE15;&#xE19;&#xE2D;&#xE31;&#xE01;&#xE29;&#xE23;&#xE28;&#xE34;&#xE25;&#xE1B;&#xE4C;</subfield>
  </datafield>
  <datafield tag="850" ind1=" " ind2=" ">
    <subfield code="a">NALT</subfield>
  </datafield>
  <datafield tag="942" ind1=" " ind2=" ">
    <subfield code="c">GB</subfield>
    <subfield code="2">lcc</subfield>
  </datafield>
  <datafield tag="996" ind1=" " ind2=" ">
    <subfield code="a">kornsiririn.r</subfield>
    <subfield code="b">CATSTF	</subfield>
    <subfield code="c">2023-09-14</subfield>
  </datafield>
  <datafield tag="996" ind1=" " ind2=" ">
    <subfield code="a">phornvitoo</subfield>
    <subfield code="b">CATSTF	</subfield>
    <subfield code="c">2023-10-23</subfield>
  </datafield>
  <datafield tag="999" ind1=" " ind2=" ">
    <subfield code="c">103142</subfield>
    <subfield code="d">103142</subfield>
  </datafield>
  <datafield tag="998" ind1=" " ind2=" ">
    <subfield code="j">3099</subfield>
    <subfield code="k"> &#xE1E;&#xE23;&#xE27;&#xE34;&#xE17;&#xE39;  &#xE42;&#xE04;&#xE49;&#xE27;&#xE04;&#xE0A;&#xE32;&#xE20;&#xE23;&#xE13;&#xE4C;</subfield>
  </datafield>
  <datafield tag="952" ind1=" " ind2=" ">
    <subfield code="0">0</subfield>
    <subfield code="1">0</subfield>
    <subfield code="2">lcc</subfield>
    <subfield code="4">0</subfield>
    <subfield code="7">0</subfield>
    <subfield code="8">CSEN</subfield>
    <subfield code="a">NALT</subfield>
    <subfield code="b">NALT</subfield>
    <subfield code="c">GEN</subfield>
    <subfield code="d">2023-09-14</subfield>
    <subfield code="l">0</subfield>
    <subfield code="o">SB 320.9 &#xE28;448&#xE1B; 2557</subfield>
    <subfield code="p">0100010026001</subfield>
    <subfield code="r">2023-10-31 00:00:00</subfield>
    <subfield code="w">2023-09-14</subfield>
    <subfield code="y">GB</subfield>
  </datafield>
</record>
